[Event "Konyaalti Open-A 2019"]
[Site "Konyaalti"]
[Date "2019.11.18"]
[Round "3.10"]
[White "Uzunoglu, Efe Kerem"]
[Black "Moiseenko, Vadim"]
[Result "0-1"]
[WhiteElo "2117"]
[BlackElo "2532"]
[Annotator "TA"]
[PlyCount "42"]
[EventDate "2019.11.20"]
[EventType "swiss"]
[EventCountry "TUR"]
[SourceTitle "playchess.com"]
[Source "ChessBase"]
[SourceQuality "1"]

{[%evp 12,42,0,0,2,-10,0,0,0,-94,-86,-99,-91,-112,-108,-115,-103,-431,-427,-411,-337,-313,-345,-460,-458,-471,-471,-482,-477,-508,-495,-552,-550]} 1. d4 Nf6 2. Nf3 g6 3. Bf4 Bg7 4. e3 O-O 5. Be2 d6 6. O-O Nc6 7. h3 Bf5 {A48: 1 d4 Nf6 2 Nf3 g6: Torre, London and Colle Systems} (7... Nd7 8. Bh2 e5 9. Nc3 exd4 10. Nxd4 Nxd4 11. exd4 Re8 12. Qd2 Nf8 13. Bc4 Be6 14. Bxe6 Nxe6 15. Ne2 Qg5 16. Qd3 Qd5 {½-½ (68) Nakamura,H (2767)-Aronian,L (2797) Saint Louis 2014}) 8. c4 Ne4 9. Nbd2 e5 {The position is equal.} 10. Bh2 $146 (10. Nxe4 $11 exf4 11. Nc3) ({Predecessor:} 10. dxe5 Nxe5 11. Nxe4 Bxe4 12. Nxe5 Bxe5 13. Bxe5 dxe5 14. Qb3 b6 {1-0 (46) Lenz,J (947)-Evtyugin,Y (819) LSS email 2014}) 10... exd4 $17 11. exd4 Qf6 12. Nb3 a5 $36 {[%mdl 2048] Keeping White busy.} 13. a4 Rfe8 14. d5 $2 {[%mdl 8192]} (14. Bd3 $17 {is a better chance.}) 14... Qxb2 $19 {[#] Hoping for ...Nc3.} 15. Rb1 Qa2 {Threatens to win with ...Nc3.} 16. Rc1 Nb4 ({Less strong is} 16... Nc3 17. Rxc3 Qxe2 18. Qxe2 $17) 17. Nfd4 Bd7 {Black is clearly winning.} 18. Ra1 Nc3 19. Rxa2 {[#] And now Qd2 would win.} Nxd1 20. Rd2 Nc3 21. Bg4 Bxa4 {Accuracy: White = 36%, Black = 86%.} 0-1

[Event "Konyaalti Open-A 2019"]
[Site "Konyaalti"]
[Date "2019.11.19"]
[Round "4.1"]
[White "Shanava, Konstantine"]
[Black "Haznedaroglu, Kivanc"]
[Result "1-0"]
[WhiteElo "2491"]
[BlackElo "2461"]
[Annotator "TA"]
[PlyCount "55"]
[EventDate "2019.11.20"]
[EventType "swiss"]
[EventCountry "TUR"]
[SourceTitle "playchess.com"]
[Source "ChessBase"]
[SourceQuality "1"]

{[%evp 21,55,10,37,27,29,20,40,22,49,31,23,11,37,50,104,29,121,102,108,81,133,93,487,477,475,486,569,518,1354,1398,1406,1406,29989,1386,1096,791]} 1. e4 c5 2. Nf3 e6 3. d4 cxd4 4. Nxd4 a6 5. Nc3 Qc7 6. Bd3 Nc6 7. Nb3 Nf6 8. f4 d6 9. O-O Be7 10. Be3 O-O 11. Qf3 Nb4 12. a3 {B82: Sicilian Scheveningen: 6 f4} Nxd3 13. cxd3 b5 14. Rac1 {Strongly threatening e5.White is slightly better.} Qb8 15. Nd4 $146 {Nc6 is the strong threat.} ({Predecessor:} 15. Na5 Bd7 16. Ne2 Rc8 17. Nd4 Rxc1 18. Rxc1 Qe8 19. Ndc6 Bf8 {½-½ (29) Chupin,V (2483)-Kruse,H (2466) RCCA Email 2003}) 15... Bb7 16. Qh3 Re8 17. Rf3 Qd8 (17... Kh8 $14) 18. Rcf1 (18. Rg3 $1 $16) 18... Bf8 (18... Nd7 $11 {keeps the balance.}) 19. Rg3 $1 $16 Rc8 20. Nf3 $1 g6 ({Better is} 20... Re7) 21. Ng5 $1 h6 $2 {[%mdl 8192] [#]} (21... Bg7 $16 {is more resistant.}) 22. Nxe6 $1 $18 {[%mdl 512]} Rxe6 ({Of course not} 22... fxe6 23. Rxg6+ Bg7 24. Qxh6 $18) 23. f5 Re5 {Threatening ...g5.} 24. fxg6 Bg7 (24... Rcc5 $142 25. Qh4 (25. Bxh6 $2 Rh5 $17 {[%mdl 64] Double Attack}) 25... Rg5 26. Bxc5 dxc5 27. Rxg5 Qd4+ 28. Kh1 hxg5 29. Qxg5 Be7) 25. Bxh6 {Threatening mate with gxf7+.} fxg6 26. Rxg6 Ne8 {[#]} 27. Bxg7 (27. Rf8+ $142 $3 {[%mdl 512]} Kxf8 28. Bxg7+ Kf7 29. Qh7 Qh4 30. Bh6+ Ng7 31. Qxg7+ Ke8 32. Qf8+ {[%mdl 64] Double Attack} Kd7 33. Qxd6+ {[%mdl 64] Double Attack} Ke8 34. Rg8+ Kf7 35. Rg7+ Ke8 36. Qd7+ {[%mdl 64] Double Attack} Kf8 37. Qf7#) 27... Nxg7 28. Rh6 {Accuracy: White = 65%, Black =  9%.} 1-0

[Event "Konyaalti Open-A 2019"]
[Site "Konyaalti"]
[Date "2019.11.19"]
[Round "4.2"]
[White "Gokerkan, Cem Kaan"]
[Black "Ibrahimov, Rasul"]
[Result "0-1"]
[WhiteElo "2452"]
[BlackElo "2518"]
[Annotator "TA"]
[PlyCount "68"]
[EventDate "2019.11.20"]
[EventType "swiss"]
[EventCountry "TUR"]
[SourceTitle "playchess.com"]
[Source "ChessBase"]
[SourceQuality "1"]

{[%evp 12,68,52,39,55,34,51,32,37,12,16,7,16,9,22,0,30,-12,-3,-33,0,0,-14,-41,-56,-52,-50,-43,-34,-50,-30,-90,-94,-162,-175,-342,-362,-390,-387,-395,-385,-699,-676,-871,-869,-829,-666,-668,-668,-663,-656,-612,-556,-665,-612,-860,-847,-790,-757]} 1. e4 c5 2. Nf3 d6 3. d4 cxd4 4. Nxd4 e6 5. c4 Nf6 6. Nc3 Be7 7. Be2 a6 {B54: Sicilian: 2...d6 3 d4 cxd4 4 Nxd4, Unusual Lines} 8. g4 (8. O-O Qc7 9. Be3 Nbd7 10. Rc1 b6 11. Qd2 Bb7 12. f3 O-O 13. Rfd1 Rac8 14. Bf1 Rfe8 15. Kh1 Qb8 16. b4 h5 17. b5 h4 18. bxa6 Bxa6 19. Ndb5 Ne5 20. Na4 h3 21. Nxb6 hxg2+ 22. Bxg2 Nxc4 23. Rxc4 Rxc4 24. Nxc4 Bxb5 {½-½ (81) Erdos,V (2603)-Moussard,J (2576) Biel 2019}) 8... h6 9. Be3 Bd7 $146 {White is slightly better.} ({Predecessor:} 9... Qa5 10. Qd2 Nc6 11. h4 Ne5 12. f3 Bd7 13. O-O-O Rc8 14. g5 Nh5 15. Nb3 {0-1 (40) Ganzon,R (2403)-Camposano,A Manila 2013}) 10. h4 Nc6 11. Rg1 Nh7 12. Qd2 Bxh4 13. O-O-O (13. Nc2 {with more complications.} Be7 14. f4 Bh4+ 15. Kf1 g5 16. f5) 13... Be7 14. Kb1 Nxd4 15. Bxd4 e5 16. Be3 Bc6 17. f4 exf4 18. Bxf4 O-O $1 19. Qc2 Qb6 20. Rh1 Ng5 21. Rh5 (21. Bd3 $11) 21... Rfe8 22. Rdh1 (22. Nd5 $17 {was worth a try.} Bxd5 23. exd5) 22... Bf6 $19 23. Bd3 $2 {[#]} (23. Bxg5 {was forced.} Bxg5 24. Bd3) 23... Nxe4 $1 {[%mdl 512]} 24. Nxe4 Bxe4 25. Bxe4 Rxe4 26. Bxh6 $2 (26. Bc1 Rxg4 27. Qe2) 26... gxh6 {Black is clearly winning.} 27. Rxh6 Rae8 {[#] ( -> ...Re1+)} 28. a3 Bg7 29. R6h2 Re1+ 30. Ka2 {White wants to mate with Rh8+!} Rxh1 31. Rxh1 Qd4 32. g5 d5 33. Qh2 Qxc4+ 34. Kb1 Qe2 {Accuracy: White = 29%, Black = 85%.} 0-1

[Event "Konyaalti Open-A 2019"]
[Site "Konyaalti"]
[Date "2019.11.19"]
[Round "4.3"]
[White "Nigalidze, Gaioz"]
[Black "Mirzoev, Azer"]
[Result "1-0"]
[WhiteElo "2472"]
[BlackElo "2472"]
[Annotator "TA"]
[PlyCount "136"]
[EventDate "2019.11.20"]
[EventType "swiss"]
[EventCountry "TUR"]
[SourceTitle "playchess.com"]
[Source "ChessBase"]
[SourceQuality "1"]

{[%evp 12,136,25,25,31,-8,-18,-20,-20,-16,-6,0,-8,-8,0,-26,-22,-29,-25,-29,-35,-39,-27,-35,11,-67,-60,-45,0,-37,-29,-26,-39,-58,-49,-40,-25,-55,-29,-37,-28,-29,-27,-54,-50,-31,-40,-58,-12,-87,-80,-89,-38,-19,-21,-65,-52,-58,-6,-6,-6,-8,-5,-5,-5,-10,-9,-10,-2,-39,-26,-22,-22,-29,-14,-14,0,-572,-56,-148,-88,-82,-83,-155,-114,-132,-151,-355,-327,-400,-400,-389,-389,-381,-373,-287,-322,-297,0,0,0,0,0,-68,0,0,0,0,0,0,0,-68,0,0,0,0,0,0,0,0,0,0,0,-10,0,-23,-15]} 1. d4 d5 2. c4 c6 3. Nf3 ({Predecessor:} 3. e3 Nf6 4. Nc3 e6 5. Nf3 {½-½ (12) Kempinski,R (2619)-Tkachiev,V (2625) Saint Vincent 2005}) 3... Nf6 4. e3 a6 5. Nc3 e6 6. b3 Bb4 7. Bd2 O-O $146 {D45: Semi-Slav: 5 e3} (7... Nbd7 8. Bd3 O-O 9. O-O Bd6 10. Re1 h6 11. e4 dxc4 12. bxc4 e5 13. c5 Bc7 14. Qc2 exd4 15. Ne2 Re8 16. Rad1 Qe7 {1-0 (52) Wojtaszek,R (2737)-Fridman,D (2638) Dortmund 2019}) 8. a3 Bd6 9. Be2 Nbd7 {The position is equal.} 10. O-O e5 (10... Re8 {with more complications.} 11. Bc1 b6 12. Bb2 Bb7 13. Rc1 dxc4 14. Bxc4 h6) 11. dxe5 Nxe5 12. cxd5 cxd5 13. Nxe5 Bxe5 14. Rc1 Re8 15. b4 Bf5 16. Bf3 Qd6 17. g3 Rad8 18. Qb3 (18. Na4 $1 $11) 18... Bg4 19. Bg2 d4 20. exd4 Bxd4 {White should prevent ...Be6.} 21. Bf4 Qd7 22. Bg5 Qf5 $1 {[%cal Rf5g5]} 23. Bxf6 Qxf6 24. Ne4 Qe5 25. Rfe1 h6 26. h3 Be6 27. Qf3 Bd7 28. Kh2 Bc6 29. Qb3 Qe6 30. Qb1 (30. Qc2 $1 $11 {remains equal.}) 30... Qg6 $17 31. Rcd1 Kh8 (31... f5 $17 32. Nc5 Rxe1 33. Rxe1 Bxc5 34. bxc5 Bxg2 35. Kxg2 Qc6+ 36. Kg1 Rd5) 32. Rd2 $15 f5 33. Qd1 Bb6 34. Nc3 Rxe1 (34... Rf8 $15 35. Ne2 Rxd2 36. Qxd2 Bxf2) 35. Qxe1 Bxg2 36. Rxd8+ Bxd8 37. Kxg2 Qc6+ 38. Kg1 Bb6 39. Ne2 Qf3 40. a4 Kh7 41. Kf1 Qd3 $36 {[%mdl 2048] White is under pressure.} 42. Kg2 Qe4+ 43. Kf1 Bc7 44. Nf4 $2 {[%mdl 8192] [#]} (44. Qd1 $11 {and White is okay.}) 44... Qc4+ $2 (44... Qh1+ $19 45. Ke2 Qe4+ 46. Kf1 Qh1+ 47. Ke2 Qe4+ 48. Kf1) 45. Kg1 (45. Ne2 $15) 45... Bxf4 $17 46. gxf4 Qxf4 {[%mdl 4096] Endgame KQ-KQ} 47. Qc3 (47. Qe6 $142) 47... Qe4 48. Qc5 Kg6 49. Kh2 $2 (49. Qc3 $17 {keeps fighting.}) 49... Kh5 $19 50. b5 axb5 51. axb5 g5 52. Qb6 Qf3 53. Kg1 Qd5 ({Weaker is} 53... Qxh3 54. Qxb7 Qb3 55. b6 $11) 54. Kh2 g4 $2 (54... f4 $19 {aiming for ...Qe5.} 55. Kg1 f3) 55. hxg4+ $11 fxg4 56. Kg1 Qe4 57. Kf1 {[#]} (57. Qc5+ $11 Kh4 58. Qd6) 57... Kg5 (57... g3 $1 $15 {[%mdl 512]} 58. fxg3 Qf3+ 59. Ke1 Qxg3+ 60. Kd1 Qf3+ 61. Kc1 Qg2) 58. Qd8+ Kh5 {And now ...Qb1+ would win.} 59. b6 Qh1+ 60. Ke2 Qf3+ 61. Ke1 (61. Kf1 $1 $11) 61... Qf7 ({Black should play} 61... g3 $1 $15 62. fxg3 Qxg3+ 63. Kd1 Qg4+ 64. Kc2 Qe2+ 65. Kc3 Qf3+ 66. Kb2 Qf2+ 67. Kb3 Qg3+ 68. Kb2 Qg7+ 69. Kb3 Qg3+ 70. Ka2 Qh2+ 71. Ka3 Qh1) 62. Qc7 Kg6 63. Kf1 h5 64. Kg1 Qd5 65. Qe7 Kf5 66. Qe8 Kf6 67. Qe3 Kf7 68. Kh2 Kg6 {[%mdl 32768] Accuracy: White = 53%, Black = 48%. . Sensor Board Error (Ke4/e5)?} 1-0

[Event "Konyaalti Open-A 2019"]
[Site "Konyaalti"]
[Date "2019.11.19"]
[Round "4.4"]
[White "Garayev, Kanan"]
[Black "Moiseenko, Vadim"]
[Result "1/2-1/2"]
[WhiteElo "2338"]
[BlackElo "2532"]
[Annotator "TA"]
[PlyCount "84"]
[EventDate "2019.11.20"]
[EventType "swiss"]
[EventCountry "TUR"]
[SourceTitle "playchess.com"]
[Source "ChessBase"]
[SourceQuality "1"]

{[%evp 12,84,-2,-8,0,3,31,0,-6,-17,-16,-52,-47,-54,-51,-62,-51,-47,-40,-54,-52,-50,-50,-52,-46,-54,-51,-54,-48,-54,-35,-46,-45,-49,-46,-46,-46,-47,-47,-60,-60,-60,-54,-56,-32,-60,-33,-33,-32,-39,-35,-34,-37,-60,-60,-59,-40,-60,-60,-66,-60,-74,-61,-61,-60,-60,-60,-60,-60,-65,-65,-65,-53,-53,-53]} 1. e4 c5 2. c3 Nf6 3. e5 Nd5 4. d4 cxd4 5. Nf3 Nc6 6. cxd4 d6 7. Bc4 dxe5 {B22: Sicilian: 2 c3} (7... e6 8. Qe2 Be7 9. O-O O-O 10. Rd1 Nb6 11. Bb3 Bd7 12. Nc3 d5 13. Bc2 Rc8 14. h4 Bxh4 15. Qd3 g6 16. Qe3 f5 17. Qh6 Be7 18. Ng5 Bxg5 19. Bxg5 {1-0 (63) Andreikin,D (2710)-Dubov,D (2691) Satka 2018}) 8. Nxe5 Bf5 9. Qb3 e6 $1 {The position is equal.} 10. O-O $146 ({Predecessor:} 10. Qxb7 Bb4+ 11. Bd2 Bxd2+ 12. Nxd2 Nxe5 13. dxe5 O-O 14. Bxd5 Rb8 15. Qc6 Rxb2 {½-½ (67) Plotkin,V (2243)-Kanmazalp,O (2448) Reykjavik 2017}) 10... Ndb4 11. a3 Nxd4 12. Qa4+ Nbc6 13. Nxc6 Nxc6 14. Bb5 Qc8 15. Be3 Bd6 16. Nd2 O-O 17. Nc4 Bc7 18. Bxc6 bxc6 {[%cal Bb7c6,Bc6b5][%mdl 32]} 19. Rfd1 Qb8 20. h3 Qb5 21. Qxb5 cxb5 22. Rd7 Rfc8 23. Nd6 Bxd6 24. Rxd6 a5 {[%cal Ba7a5,Ba5a4][%mdl 32]} 25. Bd2 a4 26. Bc3 Bc2 27. Re1 Rd8 28. Rxd8+ Rxd8 $15 {[%mdl 4096] Endgame KRB-KRB} 29. Re5 Rb8 30. Rc5 {[#] Strongly threatening Be5.} Bd3 31. Rg5 Bg6 32. h4 f6 33. Rc5 e5 34. Ba5 h5 35. Kh2 Bd3 36. Kg3 Re8 37. Rd5 {Black is slightly better.} Be2 38. Rd8 Rxd8 39. Bxd8 Kf7 40. f4 Ke6 41. fxe5 fxe5 42. Kf2 Bc4 {Accuracy: White = 59%, Black = 77%.} 1/2-1/2

[Event "Konyaalti Open-A 2019"]
[Site "Konyaalti"]
[Date "2019.11.19"]
[Round "4.5"]
[White "Guliev, Sarhan"]
[Black "Gadimbayli, Abdulla"]
[Result "0-1"]
[WhiteElo "2311"]
[BlackElo "2447"]
[Annotator "TA"]
[PlyCount "74"]
[EventDate "2019.11.20"]
[EventType "swiss"]
[EventCountry "TUR"]
[SourceTitle "playchess.com"]
[Source "ChessBase"]
[SourceQuality "1"]

{[%evp 9,82,-6,-3,-12,-16,-13,0,-5,-10,5,13,-35,39,22,22,15,26,18,8,0,0,0,0,-42,-38,-43,-41,-52,-25,-33,-24,-48,-53,-60,-49,-43,-34,-35,-32,-66,-77,-67,-63,-71,-68,-96,-85,-113,-83,-83,-83,-70,-83,-233,-233,-233,-233,-221,-221,-465,-592,-632,-607,-575,-575,-660,-697,-653,-576,-617,-462,-1175,-1037,-1666,0]} 1. d4 Nf6 2. c4 e6 3. Nc3 Bb4 4. e3 O-O 5. Nge2 d5 6. cxd5 {E46: Nimzo-Indian: Rubinstein: 4 e3 0-0 5 Ne2 without early Bd3} (6. a3 Bd6 7. c5 Be7 8. Ng3 c6 9. Bd2 b6 10. b4 Nbd7 11. Be2 a5 12. O-O Ba6 13. Qc2 Qc7 14. h3 Ra7 15. Rab1 axb4 16. axb4 {½-½ (57) Yu,Y (2736)-Grischuk,A (2766) Riga 2019}) 6... exd5 7. Ng3 c5 8. a3 {The position is equal.} Bxc3+ $146 ({Predecessor:} 8... Ba5 9. dxc5 Bxc3+ 10. bxc3 Qa5 11. Bd2 Qxc5 12. c4 Nc6 13. cxd5 Nxd5 {0-1 (22) Bruere,M-Runting,T Australia 1979}) 9. bxc3 b6 10. a4 Ba6 (10... c4 $15) 11. Bxa6 Nxa6 12. O-O Nc7 13. Ba3 Ne6 14. Rc1 Re8 15. dxc5 bxc5 16. Nh5 Nxh5 17. Qxh5 Qd7 18. Ra1 Rad8 19. Rfd1 Qc6 20. Qg4 h6 21. h4 Qa6 22. Rab1 {[#]} d4 $1 {[%mdl 512]} 23. cxd4 cxd4 24. Bb2 {[%cal Rb2d4]} dxe3 25. fxe3 Rxd1+ 26. Rxd1 Qb6 27. Bd4 Qb4 28. Rf1 Nxd4 (28... Qc4 {keeps more tension.} 29. a5 Rd8 30. Rd1 Qa4 31. Rd3 Nxd4 32. Rxd4 Qxa5 33. Qe4 Qc7) 29. Qxd4 Qxd4 30. exd4 $17 {[%mdl 4096] Endgame KR-KR} Re4 31. Rf5 (31. Rd1 $17 {keeps fighting.}) 31... Rxd4 $19 ({Less strong is} 31... Rxh4 32. Ra5 $15) 32. Ra5 Rxh4 33. Rxa7 g5 34. a5 $2 {[#]} (34. Kf2 {was worth a try.}) 34... Ra4 {Black is clearly winning.} 35. a6 Kg7 36. Ra8 h5 37. Kf2 h4 {Played: Ra4-a3} 0-1

[Event "Konyaalti Open-A 2019"]
[Site "Konyaalti"]
[Date "2019.11.19"]
[Round "4.6"]
[White "Ozen, Deniz"]
[Black "Burcu, Cagatay"]
[Result "1/2-1/2"]
[WhiteElo "2422"]
[BlackElo "2331"]
[Annotator "TA"]
[PlyCount "37"]
[EventDate "2019.11.20"]
[EventType "swiss"]
[EventCountry "TUR"]
[SourceTitle "playchess.com"]
[Source "ChessBase"]
[SourceQuality "1"]

{[%evp 22,37,0,0,0,0,0,0,8,0,0,-5,11,-6,-6,-6,-7,-5]} 1. e4 e6 2. d4 d5 3. exd5 exd5 4. Nf3 Nc6 5. Bb5 Bd6 6. c4 dxc4 7. d5 a6 8. Ba4 b5 9. dxc6 bxa4 10. O-O Ne7 11. Qxa4 O-O 12. Nbd2 {The position is equal.} Rb8 {C01: French: Exchange Variation} 13. a3 {[#]} c3 $1 {[%mdl 512]} 14. bxc3 Be6 (14... Qe8 15. Nd4 Bb7 16. Re1 Bxc6 17. Qxa6 Ba8 18. Ne4 Be5 19. Qd3 Qd7 20. Ng5 {1-0 (32) Gelfand,B (2673)-Alekseev,E (2639) St Petersburg 2018}) 15. Nd4 Bd5 16. Nc4 $146 ({Predecessor:} 16. N2f3 Nxc6 17. Nxc6 Qd7 18. Nfd4 Rb6 19. Be3 Bxc6 20. Nxc6 Qxc6 21. Qxc6 Rxc6 {1-0 (43) Tkachuk,K (2236)-Hintze,H (2285) Germany 2013}) 16... Nxc6 17. Nxd6 Qxd6 18. Nxc6 Bxc6 19. Qf4 1/2-1/2

[Event "Konyaalti Open-A 2019"]
[Site "Konyaalti"]
[Date "2019.11.19"]
[Round "4.7"]
[White "Kamer, Kayra"]
[Black "Mammadov, Zaur"]
[Result "1-0"]
[WhiteElo "2329"]
[BlackElo "2421"]
[Annotator "TA"]
[PlyCount "157"]
[EventDate "2019.11.20"]
[EventType "swiss"]
[EventCountry "TUR"]
[SourceTitle "playchess.com"]
[Source "ChessBase"]
[SourceQuality "1"]

{[%evp 17,157,14,29,32,27,28,29,0,0,0,0,0,0,-20,0,10,25,18,1,0,25,-44,-42,-70,0,-69,-66,-118,-14,-26,-14,-18,-18,-9,-16,-16,-14,-65,0,0,0,0,0,0,57,27,0,43,7,24,40,0,0,0,0,0,0,8,294,273,268,281,267,256,254,292,390,400,374,222,334,352,450,436,460,431,1206,1210,1343,1289,1270,1407,1266,1275,1351,1344,891,0,0,0,0,0,806,796,746,680,572,529,808,940,911,861,1012,1023,1094,879,1766,1766,1988,1814,2466,4466,2472,2509,1594,1341,1032,0,1608,1090,5118,746,711,0,1512,1511,1408,807,2406,2207,5218,1507,29994,29986,29986,29987,29987,29988,29992,29991,29991,29992]} 1. e4 e6 2. d4 d5 3. Nd2 Be7 4. Ngf3 Nf6 5. e5 Nfd7 6. Bd3 c5 7. c3 Nc6 8. O-O g5 9. dxc5 g4 10. Nd4 {C06: French Tarrasch: 3...Nf6 4 e5 Nfd7 5 Bd3 main lines} Ndxe5 (10... Ncxe5 11. N2b3 Nxc5 12. Bc2 h5 13. Qe2 Nc6 14. Bf4 Nxb3 15. Nxc6 bxc6 16. axb3 Bd6 17. Bxd6 Qxd6 {1-0 (61) Safarli,E (2691)-Fodor,T (2494) London 2016}) 11. Bb5 Bd7 12. f4 {White has an edge.} (12. Qe2 {feels hotter.} Bxc5 13. Nxc6 Nxc6 14. Qxg4 Qf6 15. Nb3) 12... Nxd4 13. Bxd7+ Qxd7 14. cxd4 Nc6 $1 15. Nb3 h5 16. f5 $146 ({Predecessor:} 16. Be3 Bf6 17. Qd3 Ne7 {½-½ (72) Davletbayeva,M (2239)-Borosova,Z (2310) Shenzhen 2011}) 16... O-O-O 17. f6 Bf8 18. Bf4 Bh6 19. Bd6 ({Better is} 19. Bxh6 $11 Rxh6 20. Na5) 19... Rdg8 $15 20. Qd3 Rg6 (20... h4 $15) 21. Nc1 ({White should try} 21. Qc3 $1 $11) 21... Bg5 22. Be5 (22. Ne2 $15) 22... Rhh6 (22... Nxe5 $17 23. dxe5 d4) 23. Ne2 $11 Bxf6 24. Bxf6 Rxf6 25. Rxf6 Rxf6 26. Qh7 Rf5 27. Rf1 (27. b4 $11) 27... b6 (27... Rxf1+ $1 $15 28. Kxf1 Qe7) 28. cxb6 axb6 29. Rxf5 exf5 30. Qxh5 Kb7 (30... Qe6 $11 31. Kf1 Qf6) 31. h4 Qe6 32. Kf1 Nb4 33. Qg5 Qe4 34. Qd2 Qb1+ ({But not} 34... Nxa2 $6 35. h5 $16) 35. Kf2 Nd3+ $1 36. Kg3 {Black should prevent b3.} Nxb2 {Black wants to play ...Nc4.} 37. Nc3 f4+ $2 {[%mdl 8192]} (37... Qa1 $11 38. Nxd5 Qxa2) 38. Kxf4 $18 Qf1+ 39. Kxg4 Nc4 40. Qe2 Qf6 41. Kh3 Ka6 42. Qg4 {Qc8+ would kill now.} Qc6 43. h5 (43. Qf3 $142) 43... b5 (43... Nd6 $142) 44. Ne2 Ne3 45. Qf4 Qe6+ 46. g4 f5 (46... Nc4 $142 47. Ng3 Ne3) 47. g5 Ng4 48. Ng3 Qe1 49. g6 Qg1 50. Kh4 Nf2 51. Qd6+ {[%mdl 64] [#] Double Attack} Ka5 52. g7 $2 ({White should play} 52. Qa3+ $18 Kb6 53. Kg5 Ne4+ {[%mdl 64] Discovered Attack} 54. Kh6 Nxg3 55. Qd6+ {[%mdl 64] Double Attack} Ka5 56. g7) 52... Ne4 $1 $11 {[%cal Rg1h2]} 53. Qd8+ Kb4 {[%csl Ge4][%cal Rg1g3]} 54. a3+ Kc4 $2 {[%mdl 8192] [#]} (54... Kxa3 $11 55. Qa5+ {[%mdl 64] Double Attack} (55. Nxf5 Qh2+ 56. Kg4 Qg2+ 57. Kf4 Qh2+ {[%mdl 64] Double Attack} 58. Kg4 Qg2+ 59. Kf4 Qh2+ {[%mdl 64] Double Attack} 60. Kg4 $11) 55... Kb3 56. Qxb5+ {[%mdl 64] Double Attack} Ka3 57. Qa5+ Kb2 58. Qb6+ Kc2 59. Qc6+ {[%mdl 64] Double Attack} Kb2 60. Qb6+ Kc2 61. Qc6+ {[%mdl 64] Double Attack} Kb2 62. Qb7+ Kc2 63. Qc6+) 55. Qxd5+ $1 $18 {[%mdl 576] Promotion} Kxd5 56. g8=Q+ Kc6 {[%cal Rg1h2]} 57. Qg6+ Kc7 {[%cal Rg1h2]} 58. Nxf5 {[%mdl 64] Discovered Attack} Qh1+ 59. Kg4 Nf2+ 60. Kg5 Nh3+ 61. Kh6 Qc1+ 62. Kg7 Nf4 63. Qd6+ Kb7 64. h6 Qg1+ 65. Kf7 Qg4 66. Qd7+ Ka6 67. Qd6+ $2 (67. Qc6+ $18 Ka5 68. Ne7 Qh5+ 69. Kf8) 67... Ka5 $2 {[%mdl 8192]} (67... Kb7 $11) 68. Ng7 Nh3 69. Qb4+ (69. Ne6 $142 Ng5+ 70. Nxg5 Qxg5 71. Qc7+ Ka4 72. Qc2+ Ka5 73. Qc5 Qf4+ 74. Ke7 Qe4+ 75. Kd6 Qg6+ 76. Kd7 Qh7+ 77. Kc8 Qxh6 78. Qa7+ Qa6+ 79. Qxa6+ Kxa6 80. d5) 69... Ka6 70. Qd6+ (70. Qc5 $142 Qd7+ 71. Kg8) 70... Ka5 71. d5 Ng5+ 72. Ke7 {Hoping for Qb4+!} Qe4+ 73. Kd7 Qg4+ 74. Ne6 {Intending Qb4+! and mate.} Qh3 75. Kc7 {White mates.} Nxe6+ 76. dxe6 Qxh6 77. e7 Qg7 78. Kb7 {[%csl Ga3][%cal Rd6b4]} Qg2+ 79. Qc6 {Accuracy: White = 54%, Black = 35%.} 1-0

[Event "Konyaalti Open-A 2019"]
[Site "Konyaalti"]
[Date "2019.11.19"]
[Round "4.8"]
[White "Yurtseven, Melih"]
[Black "Samani, Yamac"]
[Result "1-0"]
[WhiteElo "2388"]
[BlackElo "2305"]
[Annotator "TA"]
[PlyCount "101"]
[EventDate "2019.11.20"]
[EventType "swiss"]
[EventCountry "TUR"]
[SourceTitle "playchess.com"]
[Source "ChessBase"]
[SourceQuality "1"]

{[%evp 11,101,22,40,64,46,-31,-23,-66,-65,-66,-60,-76,0,0,0,0,17,0,6,-62,-38,-44,-54,-37,9,11,39,33,54,43,51,50,62,29,29,29,36,36,60,35,41,16,56,51,54,51,51,51,51,51,51,51,51,51,51,52,54,54,114,51,51,51,51,51,51,51,51,51,490,239,216,208,947,891,975,741,29970,29971,29975,29976,29976,29977,29977,29977,29979,29980,29979,29979,29976,29977,5627,4458]} 1. d4 Nf6 2. c4 g6 3. Nc3 Bg7 4. e4 d6 5. h3 O-O 6. Be3 Na6 7. g4 {E71: King's Indian: 4 e4 d6 5 h3} c5 (7... e5 8. d5 Nc5 9. f3 c6 10. Qd2 cxd5 11. cxd5 Bd7 12. Nge2 h5 13. Nc1 Rc8 14. Nb3 Nxb3 15. axb3 {0-1 (64) Grandelius,N (2691)-McShane,L (2688) Eskilstuna 2019}) 8. d5 (8. Nge2 $14) 8... e6 $15 9. Bd3 {Black has an edge.} exd5 10. exd5 Re8 $146 ({Predecessor:} 10... Nd7 11. Be2 Ne5 12. f4 Nd7 13. Qd2 Re8 14. Nf3 Nf6 15. Kf1 Qe7 16. Bf2 Ne4 17. Nxe4 Qxe4 18. Rg1 Nb4 19. Ne1 Bh6 {½-½ (19) Dimitrov,V (2359)-Jocev,M (2185) Paracin 2017}) 11. Kf1 Nc7 (11... Rb8 $17) 12. a4 $11 b6 {[%cal Bb7b6,Bb6b5][%mdl 32]} 13. Nf3 Rb8 14. Kg2 a6 15. Qc2 (15. Rc1 $11) 15... b5 $15 16. b3 {[%cal Ra4b5]} Qd7 17. Bf4 $1 Bb7 18. Rae1 Rxe1 19. Rxe1 b4 20. Ne4 Nxe4 21. Rxe4 Re8 22. Rxe8+ Nxe8 23. Qe2 Bc8 24. Nd2 Kf8 25. Qe3 Qe7 26. Ne4 Be5 27. Ng5 f6 28. Bxe5 fxe5 29. f4 $36 {[%mdl 2048] Threatens to win with fxe5. Black is under pressure.} h6 $1 {[%cal Rh6g5]} 30. Nf3 {[%cal Rf4e5]} exf4 $1 31. Qxe7+ $1 Kxe7 32. Bxg6 $14 {[%mdl 4096] Endgame KBN-KBN} Ng7 $1 33. a5 Kf6 $1 {[%cal Rf6g6]} 34. Bc2 Bd7 ({Black should play} 34... h5 $1 $14 35. g5+ Kf7) 35. Kf2 (35. Nd2 $1 $16) 35... h5 36. g5+ Kf7 37. Nh4 $1 Bxh3 38. Kf3 Bg4+ 39. Kxf4 Be2 $2 {[%mdl 8192]} ({Black should try} 39... Bc8 $14) 40. Ng2 (40. Nf3 $142 Ke7 41. Ke3 Bxf3 42. Kxf3) 40... Bg4 $18 {[#]} 41. Ne3 $1 Be2 $2 {[#]} (41... Bc8 42. Kg3 Bd7) 42. Kg3 $1 {[%cal Rg3f2]} Ke7 43. Bg6 Kf8 44. Kf2 Bg4 45. Nxg4 hxg4 {KB-KN} 46. Kg3 Ke7 47. Kxg4 Kf8 48. Bf5 Ne8 49. Bc8 Nc7 50. g6 Kg7 51. Kg5 {Accuracy: White = 62%, Black = 51%.} 1-0